[Event "Bikaner op 1st"]
[Site "Bikaner"]
[Date "2022.10.05"]
[Round "6"]
[White "Md, Bashiq Imrose"]
[Black "Singh, Pritam"]
[Result "1-0"]
[WhiteElo "1594"]
[BlackElo "1899"]
[PlyCount "119"]
[EventDate "2022.10.01"]
[EventType "swiss"]
[EventRounds "10"]
[EventCountry "IND"]
[SourceTitle "CBM 210 Extra"]
[Source "ChessBase"]
[SourceDate "2022.11.30"]
[SourceVersion "1"]
[SourceVersionDate "2022.11.30"]
[SourceQuality "1"]

1. d4 d5 2. Bf4 c5 3. e3 cxd4 4. exd4 Nc6 5. c3 f6 6. Nf3 Bg4 7. Be2 e5 8. Be3 Bxf3 9. Bxf3 e4 10. Be2 f5 11. c4 Nf6 12. Nc3 Bb4 13. a3 Bd6 14. cxd5 Ne7 15. Qa4+ Kf7 16. Bg5 a6 17. Bxf6 gxf6 18. g4 fxg4 19. Bxg4 f5 20. Bh3 Bf4 21. Qb3 Qd6 22. Ne2 Kf6 23. Nxf4 Qxf4 24. Qb6+ Kg5 25. Bf1 Kh4 26. Qe6 Ng6 27. Rg1 Rhf8 28. Qd7 Qh6 29. Rg3 Nf4 30. Rg7 Nh5 31. Rxh7 Qg6 32. Rc1 Rh8 33. Qe7+ Qg5 34. Qxg5+ Kxg5 35. Rcc7 Nf6 36. h4+ Kf4 37. Rhf7 Nxd5 38. Rc5 Rad8 39. Bc4 Nb6 40. Be6 e3 41. Rcxf5+ Ke4 42. Rf4+ Kd3 43. Bf5+ Kc4 44. fxe3 Nd5 45. Be6 Kd3 46. Bxd5 Rxd5 47. Kf2 Rb5 48. b4 a5 49. R7f5 Rxf5 50. Rxf5 axb4 51. axb4 Rxh4 52. Re5 Kc4 53. b5 b6 54. Kf3 Rh1 55. Kf4 Rb1 56. Kf5 Rxb5 57. Rxb5 Kxb5 58. d5 Kc5 59. Ke6 b5 60. d6 1-0

[Event "Bikaner op 1st"]
[Site "Bikaner"]
[Date "2022.10.02"]
[Round "3"]
[White "Singh, Pritam"]
[Black "Dhananjay, S."]
[Result "0-1"]
[WhiteElo "1899"]
[BlackElo "2181"]
[PlyCount "126"]
[EventDate "2022.10.01"]
[EventType "swiss"]
[EventRounds "10"]
[EventCountry "IND"]
[SourceTitle "CBM 210 Extra"]
[Source "ChessBase"]
[SourceDate "2022.11.30"]
[SourceVersion "1"]
[SourceVersionDate "2022.11.30"]
[SourceQuality "1"]

1. d4 d5 2. c4 c6 3. Nc3 Nf6 4. Bg5 e6 5. e3 Nbd7 6. cxd5 exd5 7. Bd3 Be7 8. Qc2 h6 9. Bf4 Nh5 10. Bg3 Nxg3 11. hxg3 Nf6 12. Nf3 Be6 13. a3 Bd6 14. Nh4 g6 15. Rd1 Qc7 16. Nf3 Ng4 17. Ne2 f5 18. Nf4 Bf7 19. Ng5 Qe7 20. Nxf7 Qxf7 21. Be2 Nf6 22. Nd3 Qe7 23. Bf3 h5 24. b4 0-0 25. Rb1 Bxg3 26. fxg3 Qxe3+ 27. Kd1 Qxd4 28. Qd2 Ne4 29. Bxe4 dxe4 30. Nf4 Rad8 31. Qxd4 Rxd4+ 32. Ke2 Rfd8 33. Rhd1 Rxd1 34. Rxd1 Rxd1 35. Kxd1 Kf7 36. Ke2 Kf6 37. Kf2 b6 38. Ke3 Kg5 39. Ne2 Kg4 40. a4 c5 41. bxc5 bxc5 42. a5 g5 43. a6 h4 44. gxh4 gxh4 45. Nc3 Kg3 46. Nb5 Kxg2 47. Nxa7 h3 48. Nc6 h2 49. a7 h1Q 50. a8Q Qc1+ 51. Ke2 Qc2+ 52. Ke1 Qc1+ 53. Ke2 Qb2+ 54. Kd1 Kf2 55. Qa5 Qb1+ 56. Kd2 Qe1+ 57. Kc2 Qxa5 58. Nxa5 e3 59. Nb3 e2 60. Nxc5 e1Q 61. Nd3+ Kf1 62. Nxe1 Kxe1 63. Kd3 Kf2 0-1

[Event "IND-ch 57th"]
[Site "Majitar"]
[Date "2019.12.10"]
[Round "1"]
[White "Singh, Pritam"]
[Black "Ghosh, Diptayan"]
[Result "0-1"]
[WhiteElo "1953"]
[BlackElo "2555"]
[PlyCount "72"]
[EventDate "2019.12.10"]
[EventType "swiss"]
[EventRounds "11"]
[EventCountry "IND"]
[SourceTitle "CBM 193 Extra"]
[Source "ChessBase"]
[SourceDate "2020.01.31"]
[SourceVersion "1"]
[SourceVersionDate "2020.01.31"]
[SourceQuality "1"]

1. d4 Nf6 2. Bf4 d5 3. e3 c5 4. c3 Nc6 5. Nd2 Bf5 6. Ngf3 e6 7. Ne5 Nxe5 8. dxe5 Nd7 9. e4 dxe4 10. h4 h5 11. Be2 Be7 12. Nc4 Qc7 13. Qa4 0-0 14. Rd1 Rfd8 15. Bxh5 a6 16. Bg3 b5 17. Qa5 Qc6 18. Ne3 c4 19. 0-0 Nc5 20. Rd6 Bxd6 21. exd6 Rd7 22. Rd1 Rad8 23. Qa3 Nb7 24. Nc2 Nxd6 25. Nb4 Qb6 26. Qxa6 Qxa6 27. Nxa6 Ne8 28. Re1 Nf6 29. Be2 Rd2 30. Bc7 Ra8 31. Nb4 Rxb2 32. Bf4 Nd5 33. Bc1 Rb1 34. Nxd5 exd5 35. g4 Rxa2 36. gxf5 Raa1 0-1

[Event "IND-ch Challengers 50th"]
[Site "Tirupati"]
[Date "2012.05.19"]
[Round "2.14"]
[White "Singh, Pritam"]
[Black "Praveen Kumar, Chandrasekar"]
[Result "0-1"]
[WhiteElo "2122"]
[BlackElo "2342"]
[PlyCount "96"]
[EventDate "2012.05.18"]
[EventType "swiss"]
[EventRounds "13"]
[EventCountry "IND"]
[SourceTitle "CBM 148 Extra"]
[Source "ChessBase"]
[SourceDate "2012.06.22"]
[SourceVersion "1"]
[SourceVersionDate "2012.06.22"]
[SourceQuality "1"]

1. e4 e6 2. b3 d5 3. Bb2 Nf6 4. e5 Nfd7 5. f4 c5 6. Nf3 Nc6 7. g3 Be7 8. Qe2 Nf8 9. h4 f5 10. d3 g6 11. c4 d4 12. Bg2 h6 13. Na3 Bd7 14. Nc2 Qb6 15. Bc1 a5 16. Rb1 a4 17. Kf2 axb3 18. Rxb3 Qc7 19. a3 Rg8 20. Bd2 Na5 21. Bxa5 Rxa5 22. Rhb1 Ra7 23. Nfe1 Bc8 24. Bf3 g5 25. Bh5+ Kd8 26. Nf3 g4 27. Nfe1 Bd7 28. Ng2 Bc6 29. Nce1 Rg7 30. Kg1 Kd7 31. Kh2 Bd8 32. Qf2 Ke7 33. Nc2 Nd7 34. Nge1 Qb8 35. Nxd4 cxd4 36. Qxd4 Kf8 37. Qe3 Be7 38. d4 Be4 39. Rc1 Ra4 40. Rbc3 Qa7 41. Nc2 Nb8 42. d5 Bc5 43. Qd2 Rd7 44. Qe2 Qa5 45. Rb3 Qa6 46. Nb4 Bxb4 47. axb4 Ra2 48. Rb2 Qa3 0-1

[Event "IND-chB 49th"]
[Site "Aurangabad"]
[Date "2011.06.16"]
[Round "2"]
[White "Tiwari, Arjun"]
[Black "Singh, Pritam"]
[Result "1-0"]
[WhiteElo "2354"]
[BlackElo "2157"]
[PlyCount "45"]
[EventDate "2011.06.16"]
[EventType "swiss"]
[EventRounds "13"]
[EventCountry "IND"]
[SourceTitle "CBM 143 Extra"]
[Source "ChessBase"]
[SourceDate "2011.08.29"]
[SourceVersion "1"]
[SourceVersionDate "2011.08.29"]
[SourceQuality "1"]

1. e4 c5 2. Nc3 Nc6 3. Bb5 Nd4 4. Bc4 g6 5. Nf3 Bg7 6. Nxd4 cxd4 7. Qf3 Nf6 8. e5 dxc3 9. exf6 cxd2+ 10. Bxd2 Bxf6 11. 0-0-0 0-0 12. h4 Qb6 13. c3 Bg7 14. h5 Qc5 15. Bb3 Qf5 16. hxg6 Qxf3 17. gxh7+ Kh8 18. gxf3 a5 19. a4 Ra6 20. Rh5 e6 21. Bc4 Ra8 22. Rg1 f5 23. Rxg7 1-0

[Event "New Delhi Parsvnath op 8th"]
[Site "New Delhi"]
[Date "2010.01.22"]
[Round "11"]
[White "Singh, Pritam"]
[Black "Vaibhav, Suri"]
[Result "1-0"]
[WhiteElo "2201"]
[BlackElo "2326"]
[PlyCount "69"]
[EventDate "2010.01.14"]
[EventType "swiss"]
[EventRounds "11"]
[EventCountry "IND"]
[SourceTitle "CBM 134 Extra"]
[Source "ChessBase"]
[SourceDate "2010.03.03"]
[SourceVersion "1"]
[SourceVersionDate "2010.03.03"]
[SourceQuality "1"]

1. e4 c5 2. Nc3 Nc6 3. f4 g6 4. Nf3 Bg7 5. Bb5 Nd4 6. Bc4 d6 7. 0-0 Nf6 8. h3 0-0 9. d3 Rb8 10. e5 dxe5 11. fxe5 Nd7 12. e6 fxe6 13. Nxd4 Rxf1+ 14. Qxf1 cxd4 15. Bxe6+ Kh8 16. Ne4 Ne5 17. Bb3 Bd7 18. Bf4 Qa5 19. Qe1 Qc7 20. Qh4 Rf8 21. Ng5 h6 22. Bxe5 Qxe5 23. Nf7+ Rxf7 24. Bxf7 Qe3+ 25. Kh1 Bf8 26. Qe4 Qxe4 27. dxe4 Kg7 28. Bc4 e5 29. Bd5 b6 30. Kg1 Kf6 31. Rf1+ Ke7 32. Rf3 a5 33. c4 Ba4 34. b3 Be8 35. a3 1-0

[Event "Gurgon op 1st"]
[Site "Gurgon"]
[Date "2009.01.22"]
[Round "2"]
[White "Iuldachev, Saidali"]
[Black "Singh, Pritam"]
[Result "1-0"]
[WhiteElo "2520"]
[BlackElo "2224"]
[PlyCount "45"]
[EventDate "2009.01.21"]
[EventType "swiss"]
[EventRounds "10"]
[EventCountry "IND"]
[SourceTitle "CBM 128 Extra"]
[Source "ChessBase"]
[SourceDate "2009.03.05"]
[SourceVersion "2"]
[SourceVersionDate "2009.03.25"]
[SourceQuality "1"]

1. e4 d5 2. exd5 Nf6 3. d4 Qxd5 4. Nc3 Qa5 5. Nf3 Bg4 6. h3 Bh5 7. g4 Bg6 8. Ne5 e6 9. Bg2 c6 10. h4 Be4 11. Bxe4 Nxe4 12. Qf3 Nd6 13. Bd2 Qc7 14. 0-0-0 Na6 15. Bf4 Qa5 16. Nxc6 Qb6 17. Ne5 f6 18. Nd3 Nc4 19. Rhe1 0-0-0 20. Qe4 Rxd4 21. Qxe6+ Qxe6 22. Rxe6 Nc5 23. Re8+ 1-0

[Event "Commonwealth-ch"]
[Site "New Delhi"]
[Date "2007.12.09"]
[Round "9"]
[White "Singh, Pritam"]
[Black "Madanasri, Gundala"]
[Result "1-0"]
[WhiteElo "2226"]
[BlackElo "1999"]
[PlyCount "107"]
[EventDate "2007.12.03"]
[EventType "swiss"]
[EventRounds "10"]
[EventCountry "IND"]
[SourceTitle "CBM 121 Extra"]
[Source "ChessBase"]
[SourceDate "2008.01.10"]
[SourceVersion "1"]
[SourceVersionDate "2008.01.10"]
[SourceQuality "1"]

1. e4 d5 2. exd5 Qxd5 3. Nc3 Qa5 4. d4 Nf6 5. Bc4 c6 6. Nf3 Bg4 7. h3 Bxf3 8. Qxf3 e6 9. Bd2 Qc7 10. 0-0-0 Nbd7 11. g4 h6 12. h4 Nb6 13. Bb3 0-0-0 14. g5 Ne8 15. g6 Nf6 16. gxf7 Qxf7 17. Rde1 Nbd5 18. Ne4 Be7 19. Ng3 Rhe8 20. h5 Bd6 21. c4 Nc7 22. Bc3 Rf8 23. Re2 Rfe8 24. Bc2 Qe7 25. c5 Bxg3 26. Qxg3 Nfd5 27. Bg6 Rf8 28. Rh4 Rf6 29. Rg4 Rdf8 30. Bd2 Qd7 31. Be4 R6f7 32. Bg6 Rf6 33. Be4 R6f7 34. Qe5 Nf6 35. Rg2 Nb5 36. Bf4 Kd8 37. Bg6 Re7 38. Rg1 Nd5 39. Bg3 Nbc7 40. Rge1 Nf6 41. Bh4 Nb5 42. a4 Nc7 43. Qd6 Nce8 44. Qb8+ Qc8 45. Qxc8+ Kxc8 46. Rxe6 Rxe6 47. Rxe6 Kd7 48. Bf5 Kd8 49. Kd2 Nc7 50. Re1 Ncd5 51. Rg1 Rf7 52. Be6 Re7 53. Bxd5 cxd5 54. Rxg7 1-0

[Event "Commonwealth-ch"]
[Site "New Delhi"]
[Date "2007.12.05"]
[Round "4"]
[White "Roy Chowdhury, Saptarshi"]
[Black "Singh, Pritam"]
[Result "1-0"]
[WhiteElo "2418"]
[BlackElo "2226"]
[PlyCount "47"]
[EventDate "2007.12.03"]
[EventType "swiss"]
[EventRounds "10"]
[EventCountry "IND"]
[SourceTitle "CBM 121 Extra"]
[Source "ChessBase"]
[SourceDate "2008.01.10"]
[SourceVersion "1"]
[SourceVersionDate "2008.01.10"]
[SourceQuality "1"]

1. e4 d5 2. exd5 Nf6 3. d4 Nxd5 4. Nf3 g6 5. h3 Bg7 6. c4 Nb6 7. Nc3 0-0 8. Be2 c6 9. Be3 Be6 10. Qb3 h6 11. a4 Qc7 12. 0-0 Na6 13. a5 Nd7 14. d5 cxd5 15. cxd5 Bf5 16. Rfc1 Qd6 17. Qd1 g5 18. h4 gxh4 19. Nb5 Qb4 20. Nfd4 Bg6 21. Bd2 Qxd4 22. Nxd4 Bxd4 23. Bxa6 bxa6 24. Qg4 1-0

[Event "Commonwealth-ch"]
[Site "New Delhi"]
[Date "2007.12.04"]
[Round "3"]
[White "Singh, Pritam"]
[Black "Venkatesh, Marani Rajendran"]
[Result "1/2-1/2"]
[WhiteElo "2226"]
[BlackElo "2451"]
[PlyCount "133"]
[EventDate "2007.12.03"]
[EventType "swiss"]
[EventRounds "10"]
[EventCountry "IND"]
[SourceTitle "CBM 121 Extra"]
[Source "ChessBase"]
[SourceDate "2008.01.10"]
[SourceVersion "1"]
[SourceVersionDate "2008.01.10"]
[SourceQuality "1"]

1. e4 c5 2. Nc3 Nc6 3. f4 g6 4. Nf3 Bg7 5. Bb5 Nd4 6. Nxd4 cxd4 7. Ne2 e6 8. c3 a6 9. Bd3 Ne7 10. 0-0 Nc6 11. b3 b5 12. Bb2 dxc3 13. Bxc3 Bxc3 14. dxc3 d5 15. Qe1 Bb7 16. Qf2 0-0 17. Rad1 dxe4 18. Bxe4 Qe7 19. Qf3 Rac8 20. Qe3 Rc7 21. Rd2 Rfc8 22. Rfd1 Nd8 23. Bxb7 Nxb7 24. Qd4 Qc5 25. Qxc5 Rxc5 26. Rd7 R8c7 27. Kf2 Kf8 28. Ke3 Ke8 29. Rxc7 Rxc7 30. Rd4 Ke7 31. a4 Nd6 32. g4 f6 33. axb5 axb5 34. Rd1 Ra7 35. Nd4 Ra6 36. Kd3 e5 37. fxe5 fxe5 38. Nc2 Ke6 39. Re1 e4+ 40. Kd4 Ra8 41. c4 Ra2 42. Re2 bxc4 43. bxc4 Ra4 44. Ne3 Nb5+ 45. Kc5 Nc3 46. Rc2 Ra3 47. Kd4 Na4 48. c5 Rb3 49. Kxe4 Rb4+ 50. Kf3 Rb7 51. Rc4 Nb2 52. Re4+ Kd7 53. Nc4 Rb3+ 54. Kg2 Nxc4 55. Rxc4 Kc6 56. Rc2 h5 57. g5 Rb4 58. h3 Rd4 59. Kf3 Rd3+ 60. Kg2 h4 61. Rc4 Rg3+ 62. Kh2 Rxg5 63. Rxh4 Kxc5 64. Ra4 Kd6 65. Ra6+ Ke5 66. Ra5+ Kf6 67. Rxg5 1/2-1/2

[Event "Goodricke op 05th"]
[Site "Kolkata"]
[Date "1994.??.??"]
[Round "5"]
[White "Acharya, Chandragupta K"]
[Black "Singh, Pritam"]
[Result "0-1"]
[WhiteElo "2260"]
[BlackElo "2305"]
[PlyCount "58"]
[EventDate "1994.02.??"]
[EventType "swiss"]
[EventRounds "11"]
[EventCountry "IND"]
[SourceTitle "CBM 039 Extra"]
[Source "ChessBase"]
[SourceDate "1994.05.01"]
[SourceVersion "1"]
[SourceVersionDate "1994.05.01"]
[SourceQuality "1"]

1. e4 c5 2. Nf3 e6 3. d4 cxd4 4. Nxd4 Nc6 5. Nb5 d6 6. c4 a6 7. N5c3 Nf6 8. Be2 Be7 9. 0-0 b6 10. Be3 Bb7 11. f4 Qc7 12. Nd2 Rd8 13. Qb3 Nd7 14. Rac1 Bf6 15. Nf3 Nc5 16. Qa3 Nb8 17. Nd2 0-0 18. Bf3 a5 19. Nb5 Qe7 20. Nb3 Nd3 21. Rb1 a4 22. Nd2 Nc5 23. b4 axb3 24. axb3 Nc6 25. Qc1 Nb4 26. Qd1 Bc6 27. Nd4 Bb7 28. Qe2 Ra8 29. Nb5 Ra2 0-1

[Event "Kolkata op2"]
[Site "Kolkata"]
[Date "1994.??.??"]
[Round "?"]
[White "Anilkumar, NR."]
[Black "Singh, Pritam"]
[Result "1/2-1/2"]
[WhiteElo "2335"]
[BlackElo "2305"]
[PlyCount "117"]
[EventDate "1994.??.??"]
[EventType "swiss"]
[EventRounds "11"]
[EventCountry "IND"]
[SourceTitle "EXT 1997"]
[Source "ChessBase"]
[SourceDate "1996.11.15"]
[SourceVersion "1"]
[SourceVersionDate "1996.11.15"]
[SourceQuality "1"]

1. g3 e5 2. Bg2 d5 3. d3 Nf6 4. Nf3 Nbd7 5. 0-0 c6 6. c3 Bc5 7. Qc2 0-0 8. e4 Bb6 9. Nbd2 Re8 10. b4 a5 11. Bb2 Nf8 12. a3 Bg4 13. Rae1 Ng6 14. h3 Be6 15. c4 d4 16. c5 Bc7 17. Nc4 Nd7 18. Bc1 f6 19. Bd2 Qe7 20. Rb1 axb4 21. axb4 Qf7 22. Na5 Ra7 23. Ra1 Bxa5 24. bxa5 Bb3 25. Qc1 Ngf8 26. Qa3 Be6 27. Rfc1 Nb8 28. Rc2 Na6 29. Rac1 Nd7 30. Kh2 Rea8 31. Ng1 Nc7 32. Ne2 Nb5 33. Qa1 Nc3 34. Bxc3 dxc3 35. Qxc3 Rxa5 36. Qd2 Bb3 37. Rc3 Ra2 38. Qe3 Rb2 39. Rf1 Ba4 40. Ra1 Ra6 41. Bf3 Bb5 42. Raa3 Qe7 43. Qc1 Rb4 44. Rxa6 bxa6 45. Bg4 Nf8 46. Kg2 Qf7 47. h4 h5 48. Bf3 Ne6 49. Ra3 g6 50. Qc3 Ra4 51. Rxa4 Bxa4 52. d4 exd4 53. Nxd4 Nxd4 54. Qxd4 Bb5 55. e5 fxe5 56. Qxe5 Bf1+ 57. Kxf1 Qxf3 58. Qe8+ Kg7 59. Qd7+ 1/2-1/2

[Event "Kolkata op2"]
[Site "Kolkata"]
[Date "1994.??.??"]
[Round "?"]
[White "Bhatia, Kanwal K"]
[Black "Singh, Pritam"]
[Result "0-1"]
[WhiteElo "2225"]
[BlackElo "2305"]
[PlyCount "46"]
[EventDate "1994.??.??"]
[EventType "swiss"]
[EventRounds "11"]
[EventCountry "IND"]
[SourceTitle "EXT 1997"]
[Source "ChessBase"]
[SourceDate "1996.11.15"]
[SourceVersion "1"]
[SourceVersionDate "1996.11.15"]
[SourceQuality "1"]

1. Nf3 c5 2. e4 e6 3. d4 cxd4 4. Nxd4 Nc6 5. Be2 Qc7 6. 0-0 Nf6 7. Nc3 a6 8. Be3 b5 9. a3 Bb7 10. Kh1 Na5 11. Bd3 Nc4 12. Bc1 h5 13. Qe2 Ng4 14. f4 Qb6 15. Nb3 Rc8 16. a4 Bb4 17. axb5 axb5 18. h3 g6 19. f5 gxf5 20. exf5 Bxc3 21. bxc3 Nce3 22. Rf3 Qd6 23. g3 Qxg3 0-1

[Event "Kolkata op2"]
[Site "Kolkata"]
[Date "1994.??.??"]
[Round "?"]
[White "Roktim, Bandyopadhyay"]
[Black "Singh, Pritam"]
[Result "0-1"]
[WhiteElo "2185"]
[BlackElo "2305"]
[PlyCount "108"]
[EventDate "1994.??.??"]
[EventType "swiss"]
[EventRounds "11"]
[EventCountry "IND"]
[SourceTitle "EXT 1997"]
[Source "ChessBase"]
[SourceDate "1996.11.15"]
[SourceVersion "1"]
[SourceVersionDate "1996.11.15"]
[SourceQuality "1"]

1. d4 b5 2. Nf3 Bb7 3. a4 b4 4. Bf4 f5 5. e3 Nf6 6. Bd3 e6 7. 0-0 a5 8. Nbd2 Be7 9. c3 0-0 10. cxb4 axb4 11. Nb3 Nd5 12. Nc5 Bxc5 13. dxc5 Ra5 14. Rc1 Na6 15. Bb5 Nxf4 16. exf4 Bd5 17. Ne5 Nb8 18. c6 dxc6 19. Nxc6 Nxc6 20. Bxc6 Qd6 21. Bxd5 exd5 22. Re1 d4 23. Qb3+ Kh8 24. Re6 Qxf4 25. Rce1 c5 26. Re8 Ra8 27. Qf7 Raxe8 28. Qxe8 Qb8 29. Qxb8 Rxb8 30. Rc1 Rc8 31. b3 Kg8 32. Kf1 Kf7 33. Ke2 Ke6 34. Kd3 Kd5 35. Re1 Rc6 36. Re7 Rg6 37. g3 f4 38. gxf4 Rg2 39. Re5+ Kd6 40. Re2 Rxh2 41. a5 Rh3+ 42. Kc4 Rc3+ 43. Kb5 Rxb3 44. a6 Ra3 45. f5 b3 46. f4 d3 47. Rd2 b2 48. Rxb2 Kd5 49. Rg2 c4 50. Rxg7 c3 51. f6 c2 52. Rc7 d2 53. f7 c1Q 54. f8Q Rb3+ 0-1

[Event "Kolkata op2"]
[Site "Kolkata"]
[Date "1994.??.??"]
[Round "?"]
[White "Singh, Pritam"]
[Black "Gokhale, Anupama"]
[Result "1-0"]
[WhiteElo "2305"]
[BlackElo "2190"]
[PlyCount "41"]
[EventDate "1994.??.??"]
[EventType "swiss"]
[EventRounds "11"]
[EventCountry "IND"]
[SourceTitle "EXT 1997"]
[Source "ChessBase"]
[SourceDate "1996.11.15"]
[SourceVersion "1"]
[SourceVersionDate "1996.11.15"]
[SourceQuality "1"]

1. e4 e5 2. Nc3 Nf6 3. f4 d5 4. fxe5 Nxe4 5. d3 Nc5 6. d4 Ne6 7. Nf3 Be7 8. Be3 0-0 9. Qd2 c6 10. Bd3 Nd7 11. h4 f5 12. g4 f4 13. Bf2 b5 14. Bf5 Nb6 15. Qd3 g6 16. Bxg6 hxg6 17. Qxg6+ Ng7 18. Ng5 Bxg5 19. hxg5 Qd7 20. Rh7 Re8 21. Qh6 1-0

[Event "Kolkata op2"]
[Site "Kolkata"]
[Date "1994.??.??"]
[Round "?"]
[White "Singh, Pritam"]
[Black "Hassan, Sayed Barakat"]
[Result "1-0"]
[WhiteElo "2305"]
[BlackElo "2410"]
[PlyCount "65"]
[EventDate "1994.??.??"]
[EventType "swiss"]
[EventRounds "11"]
[EventCountry "IND"]
[SourceTitle "EXT 1997"]
[Source "ChessBase"]
[SourceDate "1996.11.15"]
[SourceVersion "1"]
[SourceVersionDate "1996.11.15"]
[SourceQuality "1"]

1. b3 e5 2. Bb2 Nc6 3. e3 d6 4. g3 h5 5. Bg2 Nf6 6. h4 Bg4 7. f3 Bf5 8. d3 d5 9. Nd2 Bc5 10. Qe2 0-0 11. e4 Be6 12. Nh3 Nd4 13. Qd1 dxe4 14. dxe4 Bxh3 15. Bxh3 a5 16. c3 Nc6 17. Qe2 Qe7 18. a4 Rfd8 19. Nc4 g6 20. Bc1 Nh7 21. Be3 Nb8 22. 0-0 b6 23. Rad1 Na6 24. Kg2 Bxe3 25. Nxe3 Qc5 26. Rxd8+ Rxd8 27. Nc4 b5 28. axb5 Qxb5 29. Qa2 Rd3 30. Rc1 Nc5 31. Qxa5 Rd2+ 32. Kg1 Qc6 33. Nxd2 1-0

[Event "Goodricke op 05th"]
[Site "Kolkata"]
[Date "1994.??.??"]
[Round "9"]
[White "Singh, Pritam"]
[Black "Prasad, Devaki V"]
[Result "0-1"]
[WhiteElo "2305"]
[BlackElo "2445"]
[PlyCount "100"]
[EventDate "1994.02.??"]
[EventType "swiss"]
[EventRounds "11"]
[EventCountry "IND"]
[SourceTitle "CBM 039 Extra"]
[Source "ChessBase"]
[SourceDate "1994.05.01"]
[SourceVersion "1"]
[SourceVersionDate "1994.05.01"]
[SourceQuality "1"]

1. e4 d6 2. d4 Nf6 3. Nc3 g6 4. Be3 Bg7 5. f3 c6 6. Qd2 b5 7. Bh6 Bxh6 8. Qxh6 Qa5 9. Bd3 Nbd7 10. Nge2 b4 11. Nd1 c5 12. 0-0 Ba6 13. dxc5 Nxc5 14. Bxa6 Qxa6 15. Re1 b3 16. Qd2 bxc2 17. Qxc2 0-0 18. Nec3 Rab8 19. Nf2 Rfc8 20. Rad1 Ncd7 21. Qe2 Qb6 22. Na4 Qa5 23. b3 Nc5 24. Nxc5 Rxc5 25. Nd3 Rc3 26. Rd2 Rbc8 27. e5 dxe5 28. Nxe5 Rc1 29. Nc4 Qc5+ 30. Kf1 Rxe1+ 31. Qxe1 e6 32. Rd6 Qf5 33. Qd2 Nd5 34. Rd7 a5 35. Ra7 Nb6 36. Rxa5 Nxc4 37. bxc4 Qb1+ 38. Qe1 Qc2 39. Qe2 Qc1+ 40. Kf2 Rd8 41. Kg3 Qc3 42. Ra7 Rd2 43. Ra3 Qb2 44. Ra8+ Kg7 45. Qf1 Qe5+ 46. Kh3 g5 47. Ra3 Qf5+ 48. g4 Qf6 49. f4 Qh6+ 50. Kg3 Qxh2+ 0-1

[Event "Goodricke op 04th"]
[Site "Kolkata"]
[Date "1993.??.??"]
[Round "1"]
[White "Singh, Pritam"]
[Black "Norwood, David"]
[Result "0-1"]
[WhiteElo "2305"]
[BlackElo "2525"]
[PlyCount "56"]
[EventDate "1993.02.??"]
[EventType "swiss"]
[EventRounds "11"]
[EventCountry "IND"]
[SourceTitle "EXT 1998"]
[Source "ChessBase"]
[SourceDate "1997.11.17"]
[SourceVersion "1"]
[SourceVersionDate "1997.11.17"]
[SourceQuality "1"]

1. e4 g6 2. d4 d6 3. Nc3 Bg7 4. Nf3 c6 5. Be2 Nf6 6. 0-0 0-0 7. a4 Nbd7 8. Re1 e5 9. a5 Qe7 10. dxe5 dxe5 11. Bc4 Rb8 12. Be3 b5 13. axb6 axb6 14. Nd2 b5 15. Bb3 Nc5 16. Bxc5 Qxc5 17. Nf1 Nd7 18. Ne2 Qb6 19. Nc1 Nc5 20. Qf3 Kh8 21. Qe3 f5 22. Nd2 fxe4 23. Nxe4 Nxe4 24. Qxb6 Rxb6 25. Rxe4 c5 26. c3 c4 27. Bd1 Rd6 28. Ne2 Rfd8 0-1

[Event "Goodricke op 03rd"]
[Site "Kolkata"]
[Date "1992.??.??"]
[Round "2"]
[White "Norwood, David"]
[Black "Singh, Pritam"]
[Result "1-0"]
[WhiteElo "2495"]
[BlackElo "2310"]
[PlyCount "63"]
[EventDate "1992.01.??"]
[EventType "swiss"]
[EventRounds "11"]
[EventCountry "IND"]
[SourceTitle "CBM 027 Extra"]
[Source "ChessBase"]
[SourceDate "1992.05.01"]
[SourceVersion "1"]
[SourceVersionDate "1992.05.01"]
[SourceQuality "1"]

1. g3 e6 2. Bg2 Nf6 3. Nf3 Be7 4. 0-0 0-0 5. d3 d5 6. Nbd2 b6 7. e4 Bb7 8. e5 Nfd7 9. Re1 c5 10. Nf1 Nc6 11. h4 Qc7 12. Bf4 Rfe8 13. N1h2 Nf8 14. h5 c4 15. Ng4 cxd3 16. cxd3 Qd8 17. h6 g6 18. Qd2 Nd7 19. Bg5 Bxg5 20. Nxg5 Qe7 21. Qf4 Rac8 22. Bh3 Nb4 23. Nf6+ Nxf6 24. exf6 Qf8 25. Nxe6 Nxd3 26. Nxf8 Nxf4 27. Bxc8 Rxc8 28. gxf4 Kxf8 29. Rac1 Rd8 30. Re7 Bc8 31. Rxa7 Be6 32. Rc6 1-0